000 00385nam a22001457a 4500
082 _a510.62
_bROS
100 _aROSE,N.W,
_939096
245 _aMathematics for engineers/
_bW. N. ROSE
250 _a8th ed.
260 _alondon
_bChapman & Hall Ltd:
_cc1949.
300 _axiv, 527 p. :
_bill. ;
526 _a0
_b0
_c0
_d510_620000000000000_ROS
650 _aMCE
_9379
942 _2ddc
_cBK
999 _c543650
_d543650